| 000 | 00750 a2200193 4500 | ||
|---|---|---|---|
| 001 | 57118 | ||
| 005 | 20260407155833.0 | ||
| 008 | 260407a arg spa d | ||
| 003 | AR-UNSa-BCEJYS | ||
| 040 |
_aAR-UNSa-BCEJYS _bspa _cAR-UNSa-BCEJYS |
||
| 080 |
_a94:33 _xHistoria económica |
||
| 245 | 1 | 0 | _aBreve visión de la Historia económica contemporanea |
| 300 |
_a2v.(005-338; 005-248 p.) _c20 cm. |
||
| 505 | _a1. El apogeo del mundo liberal – 2.La guerra y sus consecuencias – 3.La reconstrucción de Europa y el boom americano – 4.La crisis de 1929 – 5.Las grandes experiencias en la pendiente hacia la guerra. | ||
| 942 | _cBK | ||
| 590 | _aniveau_biblio:m niveau_hierar:0 | ||
| 100 | 1 | _aPommery, Luis | |
| 700 | 1 | _aHuera, Carmen | |
| 999 |
_c6120 _d6120 |
||